000 00248nam a22001217a 4500
008 171003b xxu||||| |||| 00| 0 eng d
041 _aeng
080 _a159.9
100 _a48
101 _aPSI
245 _aPERCEPTION
_cROCK,I
942 _2udc
_cBK
999 _c31362
_d31362